| 000 | 00781nam a2200253 a 4500 | ||
|---|---|---|---|
| 001 | 000025680 | ||
| 003 | DO-SdBNP | ||
| 005 | 20240412074252.0 | ||
| 007 | ta | ||
| 008 | 110221s19uu dr 001 p spa d | ||
| 020 | _a9993404349 | ||
| 040 |
_aDO-SdBNP _bspa _cBNPHU |
||
| 082 | 4 |
_aRD861.44 _bS211re _222 |
|
| 100 | 1 |
_aSánchez Oviedo, Israel, _d1927- _952446 |
|
| 245 | 1 | 0 |
_aRemembranzas del ocaso / _cIsrael Sánchez Oviedo. |
| 260 |
_aSanto Domingo : _bMente Editorial, _c[19-?]. |
||
| 300 |
_a43 p. ; _c23 cm. |
||
| 500 | _aIncluye datos biográficos del autor en la contracubierta. | ||
| 590 | _aInventariado, 2019 / DG | ||
| 650 | 4 |
_aPoesía dominicana _966 |
|
| 650 | 0 |
_aLiteratura dominicana. _967 |
|
| 910 | _aValidado. Control de calidad EMS. | ||
| 942 |
_2ddc _cLBS1 |
||
| 999 |
_c25172 _d25172 |
||